000 00671nam a2200217 a 4500
001 000016099
003 DO-SdBNP
005 20240530073918.0
008 100225s1996 dr 000 f spa d
040 _aDO-SdBNP
_bspa
_cBNPHU
082 4 _aRD863.44
_bV161h
_222
100 1 _aValenzuela Concepción, Luis
_936087
245 1 0 _aHorror en la casa barco :
_bplan final /
_cLuis Valenzuela Concepción.
260 _aSanto Domingo :
_bJR Editora,
_c1996.
300 _a131 p. ;
_c15 cm.
590 _aInventariado, 2020/VM
650 0 _aNovela dominicana
_9223
650 0 _aLiteratura dominicana.
_967
910 _aValidado. Control de calidad MFF
942 _2ddc
_cLBS1
999 _c15640
_d15640